[Event "Maastricht Limburg op-B 8th"]
[Site "Maastricht"]
[Date "2014.06.09"]
[Round "6"]
[White "Glasbeek, Steven"]
[Black "Seip, Rien"]
[Result "0-1"]
[WhiteElo "1847"]
[BlackElo "2005"]
[PlyCount "66"]
[EventDate "2014.06.06"]
[EventType "swiss"]
[EventRounds "7"]
[EventCountry "NED"]
[SourceTitle "EXT 2015"]
[Source "ChessBase"]
[SourceDate "2014.11.20"]
[SourceVersion "1"]
[SourceVersionDate "2014.11.20"]
[SourceQuality "1"]

1. c4 g6 2. Nc3 Bg7 3. g3 Nf6 4. Bg2 0-0 5. d3 d6 6. e3 Nc6 7. Nge2 e5 8. 0-0 Be6 9. Nd5 Rb8 10. Rb1 Ne7 11. Nec3 c6 12. Nxe7+ Qxe7 13. Qa4 a6 14. b3 Qd7 15. Rd1 Bh3 16. Bh1 Nh5 17. Ba3 f5 18. c5 f4 19. cxd6 fxe3 20. fxe3 Qf5 21. Qc4+ Kh8 22. Ne4 Bh6 23. Qc1 Nf6 24. Qd2 Ng4 25. Bc5 b6 26. Bg2 Bxg2 27. Qxg2 bxc5 28. Rf1 Bxe3+ 29. Kh1 Qe6 30. h3 Nf6 31. Kh2 Bd4 32. Nxf6 Rxf6 33. Qxc6 Rbf8 0-1

[Event "Maastricht Limburg op-B 8th"]
[Site "Maastricht"]
[Date "2014.06.08"]
[Round "5"]
[White "Seip, Rien"]
[Black "Dalemans, Diana"]
[Result "1/2-1/2"]
[WhiteElo "2005"]
[BlackElo "1965"]
[PlyCount "59"]
[EventDate "2014.06.06"]
[EventType "swiss"]
[EventRounds "7"]
[EventCountry "NED"]
[SourceTitle "EXT 2015"]
[Source "ChessBase"]
[SourceDate "2014.11.20"]
[SourceVersion "1"]
[SourceVersionDate "2014.11.20"]
[SourceQuality "1"]

1. d4 d5 2. c4 e6 3. Nf3 Nf6 4. Nc3 c6 5. e3 Nbd7 6. Bd3 dxc4 7. Bxc4 b5 8. Bd3 a6 9. e4 c5 10. d5 c4 11. Bc2 Qc7 12. dxe6 fxe6 13. Nd4 Nc5 14. 0-0 Be7 15. Re1 e5 16. Nf3 Bg4 17. Nd5 Qd8 18. h3 Bxf3 19. Qxf3 0-0 20. Qg3 Nxd5 21. exd5 Bh4 22. Qxe5 Bxf2+ 23. Kh2 Bxe1 24. d6 Bf2 25. Bg5 Qd7 26. Be7 Qe6 27. Qxe6+ Nxe6 28. Be4 Nc5 29. Bd5+ Kh8 30. Rf1 1/2-1/2

[Event "Maastricht Limburg op"]
[Site "Maastricht"]
[Date "2007.05.28"]
[Round "7"]
[White "Larmuseau, Michiel"]
[Black "Seip, Rien"]
[Result "1-0"]
[WhiteElo "1850"]
[BlackElo "2093"]
[PlyCount "81"]
[EventDate "2007.05.25"]
[EventType "swiss"]
[EventRounds "7"]
[EventCountry "NED"]
[SourceTitle "CBM 118 Extra"]
[Source "ChessBase"]
[SourceDate "2007.07.04"]
[SourceVersion "1"]
[SourceVersionDate "2007.07.04"]
[SourceQuality "1"]

1. e4 e6 2. d3 d5 3. Nd2 Nf6 4. Qe2 Be7 5. g3 b6 6. Bg2 Bb7 7. e5 Nfd7 8. f4 c5 9. Nh3 Nc6 10. 0-0 Nd4 11. Qd1 h5 12. c3 Nf5 13. Nf3 g6 14. Nhg5 b5 15. b3 Kf8 16. d4 b4 17. cxb4 cxd4 18. a3 Qb6 19. Re1 h4 20. g4 d3+ 21. Kh1 Bxg5 22. gxf5 h3 23. Bf1 Be7 24. f6 Bxf6 25. exf6 Nxf6 26. Qxd3 Qf2 27. Qe3 Qxe3 28. Rxe3 Ng4 29. Kg1 Nxe3 30. Bxe3 Kg7 31. Bd4+ f6 32. Re1 Kf7 33. Bc5 Rad8 34. Nd4 Rh4 35. Rxe6 Rd7 36. Re3 Rg4+ 37. Rg3 Rxf4 38. Bxh3 Rc7 39. Ne6 Rxc5 40. bxc5 Re4 41. Nd8+ 1-0

[Event "Maastricht Limburg op"]
[Site "Maastricht"]
[Date "2007.05.26"]
[Round "2"]
[White "Seip, Rien"]
[Black "Klein, Felix"]
[Result "0-1"]
[WhiteElo "2093"]
[BlackElo "2207"]
[PlyCount "62"]
[EventDate "2007.05.25"]
[EventType "swiss"]
[EventRounds "7"]
[EventCountry "NED"]
[SourceTitle "CBM 118 Extra"]
[Source "ChessBase"]
[SourceDate "2007.07.04"]
[SourceVersion "1"]
[SourceVersionDate "2007.07.04"]
[SourceQuality "1"]

1. d4 d5 2. c4 e6 3. Nc3 c6 4. e3 Bd6 5. Bd3 f5 6. Nge2 Nf6 7. f3 0-0 8. Qc2 b6 9. Bd2 Ba6 10. b3 Nbd7 11. a3 Rc8 12. cxd5 Bxd3 13. Qxd3 Nxd5 14. 0-0 Qh4 15. g3 Qe7 16. e4 Nxc3 17. Bxc3 fxe4 18. fxe4 Bxa3 19. Nf4 Kh8 20. Kg2 a5 21. Qc4 Nf6 22. Rxa3 Qxa3 23. Nxe6 Ng4 24. Rxf8+ Rxf8 25. Qxc6 Qa2+ 26. Kh3 Qxh2+ 27. Kxg4 h5+ 28. Kg5 Qxg3+ 29. Kxh5 g6+ 30. Kh6 Qh4+ 31. Kxg6 Rf6# 0-1

[Event "LiSB-ch"]
[Site "Stein"]
[Date "2002.12.07"]
[Round "5"]
[White "Bischoff, Gerard"]
[Black "Seip, Rien"]
[Result "1-0"]
[WhiteElo "1895"]
[BlackElo "1857"]
[PlyCount "61"]
[EventDate "2002.11.30"]
[EventType "swiss"]
[EventRounds "7"]
[EventCountry "NED"]
[SourceTitle "EXT 2013"]
[Source "ChessBase"]
[SourceDate "2012.11.22"]
[SourceVersion "1"]
[SourceVersionDate "2012.11.22"]
[SourceQuality "1"]

1. d4 Nf6 2. c4 g6 3. Nc3 Bg7 4. e4 d6 5. f3 0-0 6. Be3 e5 7. d5 Nh5 8. g4 Nf4 9. Qd2 f5 10. gxf5 gxf5 11. 0-0-0 a6 12. Nge2 b5 13. Nxf4 exf4 14. Bd4 b4 15. Rg1 Rf7 16. Ne2 fxe4 17. Nxf4 Qh4 18. Ne6 Bxe6 19. dxe6 Re7 20. Rg4 Qh5 21. Bf6 Nc6 22. Qd5 Qh6+ 23. Bg5 Qxh2 24. Rg2 Qe5 25. Qxc6 Rb8 26. Rd5 Qxe6 27. Bxe7 b3 28. axb3 exf3 29. Rxg7+ Kxg7 30. Bg5 Qe1+ 31. Rd1 1-0

[Event "LiSB-ch"]
[Site "Stein"]
[Date "2002.12.01"]
[Round "3"]
[White "Van Gool, Henk"]
[Black "Seip, Rien"]
[Result "1-0"]
[WhiteElo "2167"]
[BlackElo "1857"]
[PlyCount "113"]
[EventDate "2002.11.30"]
[EventType "swiss"]
[EventRounds "7"]
[EventCountry "NED"]
[SourceTitle "EXT 2013"]
[Source "ChessBase"]
[SourceDate "2012.11.22"]
[SourceVersion "1"]
[SourceVersionDate "2012.11.22"]
[SourceQuality "1"]

1. c4 g6 2. Nc3 Bg7 3. g3 Nf6 4. Bg2 0-0 5. d3 d6 6. e4 c5 7. Nge2 Nc6 8. h3 Ne8 9. 0-0 Nc7 10. f4 Ne6 11. Kh2 Ned4 12. Be3 Rb8 13. Rb1 a6 14. a3 b5 15. cxb5 axb5 16. b4 cxb4 17. axb4 e6 18. Qd2 Bd7 19. Rfc1 f5 20. Qe1 Qe7 21. Qf2 Nxe2 22. Nxe2 Rfc8 23. exf5 exf5 24. Nd4 Nxd4 25. Bxd4 Be6 26. Re1 Re8 27. Rbc1 Qf7 28. Rc6 Bd5 29. Rcc1 Bxg2 30. Bxg7 Kxg7 31. Qd4+ Kg8 32. Kxg2 Rxe1 33. Rxe1 Re8 34. Rxe8+ Qxe8 35. Qd5+ Kg7 36. Kf3 Qe1 37. Qxd6 Qf1+ 38. Ke3 Qxh3 39. Qe7+ Kh6 40. Qg5+ Kg7 41. Kd4 Qg2 42. Qe7+ Kh6 43. Qe3 Qc6 44. Qe5 Qb6+ 45. Kd5 Qd8+ 46. Qd6 Qa8+ 47. Kc5 Qa4 48. Qd7 Qc2+ 49. Kxb5 Qf2 50. Qd6 Qxg3 51. Kc6 Qf3+ 52. Kc7 Kh5 53. b5 g5 54. fxg5 f4 55. b6 Qf1 56. b7 Qc1+ 57. Kd8 1-0